| 000 | 01052nam a22002537a 4500 | ||
|---|---|---|---|
| 005 | 20080616115656.0 | ||
| 006 | a|||||r|||||00| 0 | ||
| 008 | 080616t xxu||||| |||| 00| f hin d | ||
| 010 | _aHIN-83824 | ||
| 020 | _c200.00 | ||
| 035 | _aHN-56170 | ||
| 037 | _bDBAD / PUB | ||
| 040 |
_aDPL _bHN |
||
| 082 | _aउ | ||
| 100 | _aबेलवाल, बी.डी. | ||
| 245 |
_aसर्व शिक्षा नायक / _cबी.डी.बेलवाल |
||
| 246 |
_aSarv shiksha nayak _bby B. D. Belwal |
||
| 260 |
_aदिल्ली _bसाहित्य मंदिर _c2007 |
||
| 270 |
_a2620, प्रथम मंजिल, नई सड़क _bदिल्ली _e110006 |
||
| 300 |
_a164पृ _c22सेमी(सजिल्द) |
||
| 650 | _aHindi Novels | ||
| 942 |
_cHN _2ddc _hउ _mबेलवा |
||
| 999 |
_c14426 _d14426 |
||